<?xml version="1.0" encoding="UTF-8"?>
<record
    xmlns:xsi="http://www.w3.org/2001/XMLSchema-instance"
    xsi:schemaLocation="http://www.loc.gov/MARC21/slim http://www.loc.gov/standards/marcxml/schema/MARC21slim.xsd"
    xmlns="http://www.loc.gov/MARC21/slim">

  <leader>00235nam a22001097a 4500</leader>
  <datafield tag="040" ind1=" " ind2=" ">
    <subfield code="c">SK</subfield>
  </datafield>
  <datafield tag="082" ind1=" " ind2=" ">
    <subfield code="a">664</subfield>
  </datafield>
  <datafield tag="100" ind1=" " ind2=" ">
    <subfield code="a">BUNTONG BORARIN</subfield>
  </datafield>
  <datafield tag="245" ind1=" " ind2=" ">
    <subfield code="a">Food packging and storage technology</subfield>
  </datafield>
  <datafield tag="260" ind1=" " ind2=" ">
    <subfield code="a">Phnom Penh</subfield>
    <subfield code="b">BUN </subfield>
    <subfield code="c">2011</subfield>
  </datafield>
  <datafield tag="942" ind1=" " ind2=" ">
    <subfield code="c">EK</subfield>
  </datafield>
  <datafield tag="999" ind1=" " ind2=" ">
    <subfield code="c">8571</subfield>
    <subfield code="d">8571</subfield>
  </datafield>
  <datafield tag="952" ind1=" " ind2=" ">
    <subfield code="0">0</subfield>
    <subfield code="1">0</subfield>
    <subfield code="4">0</subfield>
    <subfield code="6">664_000000000000000_BUN_2011_C242</subfield>
    <subfield code="7">0</subfield>
    <subfield code="9">48822</subfield>
    <subfield code="a">LBC</subfield>
    <subfield code="b">LBC</subfield>
    <subfield code="c">C242</subfield>
    <subfield code="d">2016-08-05</subfield>
    <subfield code="l">1</subfield>
    <subfield code="o">664 BUN 2011 C242</subfield>
    <subfield code="p">RUA045098</subfield>
    <subfield code="r">2020-11-20</subfield>
    <subfield code="s">2020-11-06</subfield>
    <subfield code="y">EK</subfield>
  </datafield>
  <datafield tag="952" ind1=" " ind2=" ">
    <subfield code="0">0</subfield>
    <subfield code="1">0</subfield>
    <subfield code="4">0</subfield>
    <subfield code="6">664_000000000000000_BUN_2011_C242</subfield>
    <subfield code="7">0</subfield>
    <subfield code="9">48823</subfield>
    <subfield code="a">LBC</subfield>
    <subfield code="b">LBC</subfield>
    <subfield code="c">C242</subfield>
    <subfield code="d">2016-08-05</subfield>
    <subfield code="o">664 BUN 2011 C242</subfield>
    <subfield code="p">RUA045780</subfield>
    <subfield code="r">2016-08-05</subfield>
    <subfield code="y">EK</subfield>
  </datafield>
  <datafield tag="952" ind1=" " ind2=" ">
    <subfield code="0">0</subfield>
    <subfield code="1">0</subfield>
    <subfield code="4">0</subfield>
    <subfield code="6">664_000000000000000_BUN_2011_C242</subfield>
    <subfield code="7">0</subfield>
    <subfield code="9">48824</subfield>
    <subfield code="a">LBC</subfield>
    <subfield code="b">LBC</subfield>
    <subfield code="c">C242</subfield>
    <subfield code="d">2016-08-05</subfield>
    <subfield code="o">664 BUN 2011 C242</subfield>
    <subfield code="p">RUA045938</subfield>
    <subfield code="r">2016-08-05</subfield>
    <subfield code="y">EK</subfield>
  </datafield>
</record>
